[Event "Tournoi Skype 019B"]
[Site "Skype"]
[Date "????.??.??"]
[Round "3.3"]
[White "Battaglia, Gabriele"]
[Black "Salazar Ticeran, Antonio"]
[Result "0-1"]
[WhiteElo "1288"]
[BlackElo "1469"]
[PlyCount "72"]

1. e4 c5 2. Bc4 Nc6 3. d3 d6 4. Nf3 Bg4 5. O-O g6 6. Nc3 Nd4 7. Qd2 Bxf3 8.
gxf3 Nxf3+ 9. Kg2 Nxd2 10. Bxd2 Bg7 11. f4 Nf6 12. f5 O-O 13. Rae1 Qd7 14. Bf4
gxf5 15. exf5 Qxf5 16. Bxd6 Qg6+ 17. Bg3 Nh5 18. Ne2 Bxb2 19. Rf3 Kh8 20. Nf4
Nxf4+ 21. Rxf4 Be5 22. Rxe5 f6 23. Re1 e5 24. Rf3 Rae8 25. Kh1 e4 26. Rf2 exd3
27. Bxd3 Rxe1+ 28. Rf1 Rxf1+ 29. Kg2 Rf5 30. Bxf5 Qxf5 31. c3 Qc2+ 32. Bf2 Rg8+
33. Kf1 Qd1+ 34. Be1 Qf3+ 35. Bf2 Rg2 36. h4 Qxf2# 0-1

[Event "Tournoi Skype 019B"]
[Site "Skype"]
[Date "????.??.??"]
[Round "3.4"]
[White "Munoz Gonzalez, Martin"]
[Black "Bouffard, Georges"]
[Result "1-0"]
[WhiteElo "1420"]
[BlackElo "1234"]
[PlyCount "121"]

1. Nf3 g6 2. e3 Bg7 3. c4 d6 4. Nc3 c6 5. Qc2 Nf6 6. b3 Bf5 7. Bd3 e6 8. Bb2
Nbd7 9. h3 Nc5 10. Bxf5 exf5 11. d3 Qe7 12. O-O O-O 13. Rfe1 Nfd7 14. Rab1 Ne5
15. Nxe5 dxe5 16. d4 Ne6 17. Ne2 Qh4 18. Kf1 Rfd8 19. dxe5 Bf8 20. Rbd1 Bc5 21.
Rxd8+ Rxd8 22. Rd1 Rxd1+ 23. Qxd1 f4 24. Bd4 f3 25. Bxc5 fxg2+ 26. Ke1 Qxh3 27.
Bxa7 Qh1+ 28. Kd2 g1=Q 29. Qxg1 Qe4 30. Nc3 Qxe5 31. f4 Nxf4 32. exf4 Qd6+ 33.
Bd4 c5 34. Ne4 Qxf4+ 35. Qe3 Qh2+ 36. Nf2 cxd4 37. Qxd4 Qh6+ 38. Kc3 Qc1+ 39.
Kb4 Qe1+ 40. Kb5 Qe8+ 41. Kb4 Qe7+ 42. c5 Qe1+ 43. Kb5 b6 44. b4 Qe8+ 45. Kxb6
Qb8+ 46. Ka5 Qa8+ 47. Kb5 Qxa2 48. c6 Qa8 49. c7 Qb7+ 50. Qb6 Qc8 51. Ne4 Qf5+
52. Nc5 Qd3+ 53. Kc6 Qf3+ 54. Kb5 Qa8 55. Qb7 Qa2 56. c8=Q+ Kg7 57. Ne6+ Kf6
58. Qd8+ Kf5 59. Qg5+ Kxe6 60. Qb6+ Kd7 61. Qgd8# 1-0

[Event "Tournoi Skype 019B"]
[Site "Skype"]
[Date "????.??.??"]
[Round "3.5"]
[White "Dubois, Real"]
[Black "Morientes, Felipe"]
[Result "0-1"]
[WhiteElo "1418"]
[BlackElo "1000"]
[PlyCount "76"]

1. d4 d5 2. Nf3 Nf6 3. e3 e6 4. Bd3 b6 5. c3 Bb7 6. Qc2 Nbd7 7. Nbd2 c5 8. Bb5
a6 9. Bxd7+ Nxd7 10. dxc5 Bxc5 11. Nb3 Bd6 12. Nbd4 O-O 13. O-O Rc8 14. Re1 Bb8
15. Nd2 e5 16. Ne2 Nf6 17. h3 d4 18. exd4 exd4 19. Nxd4 Qxd4 20. cxd4 Rxc2 21.
Re7 Bd5 22. Nf1 Bd6 23. Rd7 Nxd7 24. b3 Re8 25. Be3 Nf6 26. Nd2 Rxe3 27. fxe3
Rxd2 28. Rc1 Rxg2+ 29. Kf1 Rxa2 30. Rc8+ Bf8 31. Rd8 Bxb3 32. Rb8 b5 33. Ke1 b4
34. Kf1 a5 35. Kg1 a4 36. Rd8 a3 37. Ra8 Rg2+ 38. Kxg2 Bd5+ 0-1

[Event "Tournoi Skype 019B"]
[Site "Skype"]
[Date "????.??.??"]
[Round "3.6"]
[White "Mordaa, Ahmad"]
[Black "Hernandez, George"]
[Result "0-1"]
[WhiteElo "1471"]
[BlackElo "1397"]
[PlyCount "92"]

1. e4 c5 2. Nf3 d6 3. d4 cxd4 4. Nxd4 Nf6 5. Bd3 e5 6. Nf3 Be7 7. Nc3 a6 8. O-O
O-O 9. h3 Nc6 10. Be3 Nb4 11. Bc4 b5 12. Bb3 Bb7 13. a3 Nc6 14. Re1 Na5 15. Qd3
Nxb3 16. cxb3 b4 17. axb4 h6 18. Bd2 Qc7 19. Rac1 Qb6 20. Na4 Qd8 21. Rc2 Rc8
22. Rxc8 Qxc8 23. Nb6 Qc7 24. Nd5 Bxd5 25. exd5 e4 26. Rxe4 Nxe4 27. Qxe4 Bf6
28. Bc3 Bxc3 29. bxc3 Qxc3 30. Qe7 Qxb4 31. Qe3 Rc8 32. Nd4 Qc3 33. Qf4 Qc1+
34. Qxc1 Rxc1+ 35. Kh2 Rd1 36. Nc6 Kf8 37. Nb4 a5 38. Nc6 Rxd5 39. Kg3 Rb5 40.
Nd4 Rb4 41. Nc6 Rxb3+ 42. Kf4 a4 43. Na5 g5+ 44. Ke4 Rb4+ 45. Kd3 a3 46. Nb3
Rxb3+ 0-1

[Event "Tournoi Skype 019B"]
[Site "Skype"]
[Date "????.??.??"]
[Round "3.7"]
[White "Martin, Jean-Claude"]
[Black "Marino, Giuseppe"]
[Result "1/2-1/2"]
[WhiteElo "1464"]
[BlackElo "1349"]
[PlyCount "81"]

1. d4 d5 2. c4 c6 3. Nc3 e6 4. cxd5 exd5 5. Nf3 Be7 6. Bf4 Nf6 7. e3 O-O 8. Bd3
Re8 9. O-O h6 10. h3 Bd6 11. Bxd6 Qxd6 12. Qc2 b6 13. e4 dxe4 14. Nxe4 Nxe4 15.
Bxe4 Bd7 16. Rad1 Na6 17. a3 Nc7 18. Ne5 Nd5 19. Nxd7 Qxd7 20. Bxd5 Qxd5 21.
Rfe1 Rxe1+ 22. Rxe1 Qd6 23. Re4 a5 24. Qe2 Kf8 25. Qe3 f6 26. Re6 Qd7 27. Qe4
Re8 28. Rxe8+ Qxe8 29. Qxe8+ Kxe8 30. Kf1 Kd7 31. Ke2 Ke6 32. Kd3 b5 33. b3 g5
34. g3 h5 35. f3 Kf5 36. Ke3 Ke6 37. Ke4 f5+ 38. Ke3 Kd5 39. Kd3 Ke6 40. Ke3
Kd5 41. Kd3 1/2-1/2

[Event "Tournoi Skype 019B"]
[Site "Skype"]
[Date "????.??.??"]
[Round "3.8"]
[White "Milanese, Serge"]
[Black "Gerbaux, Regis"]
[Result "1/2-1/2"]
[WhiteElo "1314"]
[BlackElo "1435"]
[PlyCount "56"]

1. e4 e5 2. Bc4 Nf6 3. d4 Nxe4 4. dxe5 Nc6 5. Qd5 Nxe5 6. Qxe4 Qe7 7. Bb3 c6 8.
Nc3 g6 9. Nf3 Nxf3+ 10. gxf3 Qxe4+ 11. fxe4 Bc5 12. Bf4 O-O 13. h3 d6 14. O-O-O
Bxf2 15. Rxd6 Bh4 16. Be5 Be7 17. Rdd1 Be6 18. Bxe6 fxe6 19. Bd6 Bxd6 20. Rxd6
e5 21. h4 Rf2 22. h5 Rg2 23. h6 Rf8 24. Rd7 Rff2 25. Kd1 Rxc2 26. Rf1 Rgf2 27.
Rxf2 Rxf2 28. b4 Rf7 1/2-1/2

[Event "Tournoi Skype 019B"]
[Site "Skype"]
[Date "????.??.??"]
[Round "3.9"]
[White "Diaz, Jose Garcia"]
[Black "Perrone, Gabriel Lorenzo"]
[Result "1-0"]
[WhiteElo "1000"]
[BlackElo "1421"]
[PlyCount "81"]

1. Nf3 Nf6 2. c4 c5 3. g3 g6 4. Bg2 Bg7 5. O-O O-O 6. Nc3 Nc6 7. a3 a6 8. e3 d6
9. d4 cxd4 10. exd4 Rb8 11. d5 Na7 12. Be3 b6 13. Rb1 e6 14. Nd4 exd5 15. Nxd5
Bb7 16. Nb3 Nxd5 17. Bxd5 Bxd5 18. Qxd5 Nc8 19. Bg5 Qc7 20. Rfe1 h6 21. Bf4 Rd8
22. Nd4 Rd7 23. Nc6 Ne7 24. Nxe7+ Rxe7 25. Rxe7 Qxe7 26. Bxd6 Qd8 27. Bxb8 Qxb8
28. b4 a5 29. Re1 axb4 30. axb4 Bc3 31. Re7 Qf8 32. Qd7 Bxb4 33. Re8 Qxe8 34.
Qxe8+ Kg7 35. Qb5 Bc5 36. Qb2+ Kg8 37. Kg2 Kh7 38. f4 h5 39. Qf6 Kg8 40. h4 Kf8
41. f5 1-0

[Event "Tournoi Skype 019B"]
[Site "Skype"]
[Date "????.??.??"]
[Round "3.10"]
[White "Codina, Teresa"]
[Black "De Nobrega, George"]
[Result "0-1"]
[WhiteElo "1321"]
[BlackElo "1494"]
[PlyCount "86"]

1. e4 e5 2. Nf3 d6 3. Bb5+ Bd7 4. Bxd7+ Qxd7 5. O-O Nf6 6. Re1 Nc6 7. c3 d5 8.
exd5 Qxd5 9. d4 Bd6 10. Bg5 Ne4 11. Be3 O-O 12. Nbd2 Nxd2 13. Qxd2 exd4 14.
Nxd4 Nxd4 15. Bxd4 c5 16. Be3 Qxd2 17. Bxd2 Rad8 18. g3 Bxg3 19. hxg3 Rxd2 20.
b3 Rfd8 21. Kg2 Kf8 22. c4 Rc2 23. Rad1 Rxd1 24. Rxd1 Rxa2 25. Rd5 b6 26. g4
Rb2 27. Rd7 a5 28. Rd8+ Ke7 29. Rd3 Ra2 30. g5 Ra3 31. f4 a4 32. Re3+ Kf8 33.
Re1 Rxb3 34. Rd1 a3 35. Rd8+ Ke7 36. Ra8 Rb2+ 37. Kf3 a2 38. Ke4 f6 39. gxf6+
Kxf6 40. Kd3 h5 41. Kc3 Rf2 42. Kb3 h4 43. f5 h3 0-1

[Event "Tournoi Skype 019B"]
[Site "Skype"]
[Date "????.??.??"]
[Round "3.11"]
[White "Coruble, Didier"]
[Black "Lecluyse, Koenraad"]
[Result "1-0"]
[WhiteElo "1479"]
[BlackElo "1300"]
[PlyCount "39"]

1. b4 b5 2. a4 c6 3. a5 d5 4. d4 Nd7 5. Nf3 g6 6. Bf4 Bg7 7. c3 Ngf6 8. h3 O-O
9. g4 Ne4 10. Be3 Ndf6 11. Qc2 Be6 12. Ne5 Qc7 13. Rg1 Qd6 14. f3 h5 15. fxe4
dxe4 16. g5 Nd7 17. Nd2 Rad8 18. Nxe4 Qd5 19. Bg2 Nxe5 20. Nf6+ 1-0

[Event "Tournoi Skype 019B"]
[Site "Skype"]
[Date "????.??.??"]
[Round "3.12"]
[White "De Coninck, Philippe"]
[Black "Maccaferri, Massimo"]
[Result "1-0"]
[WhiteElo "1426"]
[BlackElo "1252"]
[PlyCount "39"]

1. e4 e5 2. Nf3 Nc6 3. Bb5 Nd4 4. Nxd4 exd4 5. d3 Be7 6. Bc4 Bg5 7. Bxf7+ Kf8
8. Bxg5 Qxg5 9. Qf3 Qc1+ 10. Ke2 Nf6 11. Rxc1 Kxf7 12. e5 Re8 13. Kf1 Kg8 14.
exf6 gxf6 15. Qxf6 d6 16. Nd2 Rf8 17. Qg5+ Kh8 18. Re1 Bf5 19. Re7 c5 20. Qg7#
1-0

[Event "Tournoi Skype 019B"]
[Site "Skype"]
[Date "????.??.??"]
[Round "3.13"]
[White "Bhandari, Dattatrey"]
[Black "Kruk, Clementine"]
[Result "1-0"]
[WhiteElo "1232"]
[BlackElo "1419"]
[PlyCount "85"]

1. e4 e5 2. Nf3 Nc6 3. d4 exd4 4. e5 d6 5. Bb5 Nge7 6. Bxc6+ Nxc6 7. O-O dxe5
8. Re1 Bg4 9. Nbd2 f6 10. a3 Qd6 11. Re2 f5 12. Qe1 Bxf3 13. Nxf3 e4 14. Nd2
O-O-O 15. g3 g6 16. Nc4 Qd5 17. b3 d3 18. cxd3 Qxd3 19. Bb2 Nd4 20. Bxd4 Qxd4
21. Rd2 Qc5 22. Rxd8+ Kxd8 23. Qc3 Rg8 24. Qf6+ Qe7 25. Qd4+ Qd7 26. Qxa7 b5
27. Qb8+ Ke7 28. Ne3 c6 29. Rd1 Qe8 30. Qc7+ Kf6 31. Qxh7 Bxa3 32. Qh4+ g5 33.
Qh7 Rh8 34. Qxf5+ Kg7 35. Qxg5+ Qg6 36. Rd7+ Kg8 37. Qxg6+ Kf8 38. Ra7 Be7 39.
Ra8+ Bd8 40. Rxd8+ Ke7 41. Rxh8 Kd7 42. Rh7+ Kd8 43. Qg8# 1-0

[Event "Tournoi Skype 019B"]
[Site "Skype"]
[Date "????.??.??"]
[Round "3.14"]
[White "Levantini, Claudio"]
[Black "Ramirez Reina, Orlando"]
[Result "1/2-1/2"]
[WhiteElo "1200"]
[BlackElo "1417"]
[PlyCount "106"]

1. e4 c5 2. Bc4 e6 3. Nf3 a6 4. Nc3 b5 5. Be2 Qc7 6. d4 cxd4 7. Nxd4 Bb7 8. O-O
Nf6 9. Bf3 Bb4 10. Nde2 Nc6 11. a3 Bxc3 12. Nxc3 Ne5 13. Bf4 Nxf3+ 14. Qxf3 e5
15. Bg3 O-O 16. Rfe1 Rad8 17. Rad1 Qc4 18. Bxe5 Qe6 19. Bxf6 Qxf6 20. Qxf6 gxf6
21. Re3 Rfe8 22. Rg3+ Kh8 23. f3 Re5 24. Rd6 Re6 25. Rd4 Bc6 26. Nd5 Bxd5 27.
Rxd5 d6 28. Kf2 Rc8 29. c3 Rg8 30. Rxg8+ Kxg8 31. g4 h6 32. h4 Kg7 33. e5 fxe5
34. h5 Kf6 35. Ke3 Ke7 36. Ke4 Rf6 37. a4 Rf4+ 38. Ke3 Rxa4 39. b4 a5 40. Rxb5
axb4 41. Rxb4 Ra3 42. Kd3 Ke6 43. Rb6 f6 44. Kd2 Ra2+ 45. Ke3 Rc2 46. Kd3 Rc1
47. c4 Rd1+ 48. Ke2 Rd4 49. c5 Kd7 50. cxd6 Rxd6 51. Rb7+ Ke6 52. Rh7 Ra6 53.
Rxh6 Ra2+ 1/2-1/2

[Event "Tournoi Skype 019B"]
[Site "Skype"]
[Date "????.??.??"]
[Round "3.15"]
[White "Khatanhar, Mohit"]
[Black "Moumtaz, Abderrahim"]
[Result "1-0"]
[WhiteElo "1398"]
[BlackElo "1221"]
[PlyCount "59"]

1. e4 e5 2. Nf3 Nf6 3. d3 d6 4. h3 Nc6 5. Be3 Be7 6. Nbd2 O-O 7. Be2 Re8 8. O-O
Be6 9. Nh2 d5 10. exd5 Bxd5 11. Bf3 Bxf3 12. Qxf3 e4 13. dxe4 Nd4 14. Qd1 Bc5
15. c3 Ne6 16. Bxc5 Nxc5 17. f3 Nd3 18. Qc2 Nf4 19. Kh1 N4h5 20. Rf2 Nf4 21.
Rd1 Ng6 22. Ndf1 Qe7 23. Re1 Nh5 24. Rfe2 Ng3+ 25. Nxg3 Qg5 26. Ngf1 Nh4 27. e5
Re6 28. Qe4 c6 29. f4 Nf5 30. fxg5 1-0

[Event "Tournoi Skype 019B"]
[Site "Skype"]
[Date "????.??.??"]
[Round "3.16"]
[White "Chavero, Victor"]
[Black "Douichi, Mohammed"]
[Result "1-0"]
[WhiteElo "1394"]
[BlackElo "1209"]
[PlyCount "43"]

1. d4 d5 2. c4 e5 3. e3 e4 4. Bd2 Be6 5. a3 Nf6 6. Nc3 dxc4 7. Nge2 Be7 8. Nf4
O-O 9. Nxe6 fxe6 10. Bxc4 Re8 11. Bxe6+ Kh8 12. Qc2 Qd6 13. Bf5 Bf8 14. Nxe4
Nxe4 15. Bxe4 c6 16. Bxh7 Nd7 17. Bg6 Nf6 18. Qf5 Qxd4 19. Bc3 Qd6 20. Qh3+ Kg8
21. Bxf6 Be7 22. Qh7+ 1-0

[Event "Tournoi Skype 019B"]
[Site "Skype"]
[Date "????.??.??"]
[Round "3.17"]
[White "Lequeux, Pierre"]
[Black "Vello, Pablo"]
[Result "1-0"]
[WhiteElo "1181"]
[BlackElo "1365"]
[PlyCount "91"]

1. e4 c5 2. c4 Nc6 3. d3 e5 4. Nf3 Be7 5. Be2 d6 6. h3 Nf6 7. Bg5 Qb6 8. b3 h6
9. Bxf6 Bxf6 10. O-O O-O 11. Nc3 Be6 12. Na4 Qd8 13. Nc3 Be7 14. Nd2 f5 15. f3
f4 16. a3 Bh4 17. b4 Qg5 18. g4 fxg3 19. Kg2 b6 20. bxc5 bxc5 21. Ndb1 Nd4 22.
Qd2 Qxd2 23. Nxd2 Nc2 24. Rfc1 Nxa1 25. Rxa1 Rfb8 26. Nf1 Rb3 27. Nb5 Rb2 28.
Nxg3 Bxg3 29. Kxg3 Rxe2 30. Nc7 Rb8 31. Nxe6 Rbb2 32. Rg1 Re3 33. Kg4 Kf7 34.
Nd8+ Kg6 35. f4 h5+ 36. Kh4+ Kf6 37. Rf1 Ke7 38. Nc6+ Kd7 39. Nxa7 Rh2 40. Kxh5
Rhxh3+ 41. Kg6 Ke7 42. Kf5 Reg3 43. Nc8+ Kf7 44. Nxd6+ Ke7 45. fxe5 Rh5+ 46.
Kf4 1-0

[Event "Tournoi Skype 019B"]
[Site "Skype"]
[Date "????.??.??"]
[Round "3.18"]
[White "Baker, Abi"]
[Black "Vincent, Andre"]
[Result "0-1"]
[WhiteElo "1165"]
[BlackElo "1362"]
[PlyCount "112"]

1. c4 Nf6 2. g3 c6 3. Bg2 d6 4. Nc3 Be6 5. d3 g6 6. Bd2 Bg7 7. Qc2 O-O 8. O-O-O
Nbd7 9. f4 Qc8 10. Nf3 b5 11. Ne4 Nxe4 12. dxe4 Qa6 13. Bc3 Bxc3 14. Qxc3 Bxc4
15. f5 Qxa2 16. Nd4 Ne5 17. fxg6 fxg6 18. h4 Rf2 19. Bh3 Raf8 20. Ne6 Qa1+ 21.
Kc2 Rxe2+ 22. Rd2 Qa4+ 23. b3 Qa2+ 24. Qb2 Qxb2+ 25. Kxb2 Rxd2+ 26. Kc3 Rff2
27. bxc4 Rc2+ 28. Kd4 Rxc4+ 29. Ke3 Rf3+ 30. Kd2 Rxe4 31. Ng5 Rf2+ 32. Kc3 Rc4+
33. Kb3 Nf7 34. Be6 a5 35. Nxf7 a4+ 36. Ka3 Rf3+ 37. Kb2 Rb3+ 38. Ka2 Rc2+ 39.
Ka1 Ra3+ 40. Kb1 Rf2 41. Nxd6+ Kf8 42. Nxb5 Re3 43. Nd4 Rxg3 44. Nxc6 Rf6 45.
Bc4 Rxc6 46. Bb5 Rf6 47. Bxa4 Rgf3 48. h5 Rf1+ 49. Rxf1 Rxf1+ 50. Kc2 gxh5 51.
Bb5 Rf2+ 52. Kd3 h4 53. Ke3 Rf6 54. Ke4 h3 55. Bd7 h2 56. Bc6 h1=Q+ 0-1

[Event "Tournoi Skype 019B"]
[Site "Skype"]
[Date "????.??.??"]
[Round "3.19"]
[White "Porcabeuf, Jean-Marc"]
[Black "Homme, Jim"]
[Result "1-0"]
[WhiteElo "1359"]
[BlackElo "1193"]
[PlyCount "41"]

1. d4 Nf6 2. Nf3 d5 3. e3 e6 4. Bd3 c5 5. c3 Be7 6. O-O O-O 7. Re1 Nc6 8. Bc2
Re8 9. Nbd2 b5 10. e4 dxe4 11. Nxe4 b4 12. Nxf6+ Bxf6 13. Be3 bxc3 14. bxc3 Rb8
15. Qd3 g6 16. Bh6 e5 17. Qe4 Bb7 18. dxe5 Bxe5 19. Rad1 Bxc3 20. Rxd8 Rbxd8
21. Qxe8+ 1-0

[Event "Tournoi Skype 019B"]
[Site "Skype"]
[Date "????.??.??"]
[Round "3.20"]
[White "Hernandez Lopez, Joaquin"]
[Black "Guillaume, Mickael"]
[Result "0-1"]
[WhiteElo "1327"]
[BlackElo "1180"]
[PlyCount "86"]

1. e4 e6 2. d4 d5 3. e5 a6 4. Bd2 Bd7 5. Bd3 Be7 6. Nf3 h6 7. O-O Nc6 8. Nc3
Bb4 9. a3 Bxc3 10. Bxc3 Nge7 11. b4 Na7 12. a4 Bc6 13. Nh4 b5 14. a5 Bb7 15.
Bd2 Nac6 16. c3 Qd7 17. Qg4 g5 18. Nf3 O-O-O 19. Ne1 Rdg8 20. Qh5 Qe8 21. f4
gxf4 22. Bxf4 Qf8 23. Qd1 Qg7 24. Rf2 Ng6 25. Bxg6 Qxg6 26. Raa2 h5 27. h3 h4
28. Qf3 Rg7 29. Kh1 Nd8 30. Nd3 Rh5 31. Nc5 Rf5 32. c4 bxc4 33. Nxb7 Kxb7 34.
Rab2 c6 35. Qa3 f6 36. b5 cxb5 37. Qc5 Qe8 38. Qb6+ Kc8 39. Qc5+ Qc6 40. Qf8 c3
41. exf6 Rf7 42. Qh8 cxb2 43. Rf1 R5xf6 0-1

[Event "Tournoi Skype 019B"]
[Site "Skype"]
[Date "????.??.??"]
[Round "3.21"]
[White "Yilmazer, Seher"]
[Black "Riviere, Perrine"]
[Result "0-1"]
[WhiteElo "1000"]
[BlackElo "1323"]
[PlyCount "58"]

1. e4 e5 2. d4 exd4 3. Nf3 Nc6 4. Bc4 Bc5 5. Ng5 Nh6 6. Bxf7+ Nxf7 7. Nxf7 Kxf7
8. Qh5+ g6 9. Qxc5 Qe7 10. O-O Qxc5 11. c3 d5 12. exd5 Qxd5 13. cxd4 Qxd4 14.
Nc3 Re8 15. Be3 Qd6 16. Nb5 Qe5 17. a4 a6 18. Nc3 Bf5 19. Rfe1 Qf6 20. Nd5 Qd8
21. Rad1 Be6 22. Nb6 Qxd1 23. Rxd1 cxb6 24. Bxb6 Bb3 25. Ra1 Re4 26. a5 Rae8
27. Be3 Nb4 28. Ra3 Bd5 29. Rc3 Rc4 0-1

[Event "Tournoi Skype 019B"]
[Site "Skype"]
[Date "????.??.??"]
[Round "3.24"]
[White "Kumar Keshri, Siddharth"]
[Black "Briere, Jean"]
[Result "0-1"]
[WhiteElo "1000"]
[BlackElo "1529"]
[PlyCount "54"]

1. e4 e5 2. Nf3 Nc6 3. Bb5 Bc5 4. O-O d6 5. d3 Bd7 6. Be3 Bxe3 7. fxe3 Nf6 8.
h3 O-O 9. c3 a6 10. Bxc6 Bxc6 11. Nbd2 Qe7 12. Qc2 b5 13. a3 Bb7 14. Rae1 c5
15. b3 Rac8 16. Qb2 a5 17. d4 Nxe4 18. Nxe4 Bxe4 19. dxe5 dxe5 20. Rc1 Bxf3 21.
gxf3 Qg5+ 22. Kh1 Qxe3 23. Rce1 Qf4 24. c4 Qd4 25. Qxd4 exd4 26. Rd1 bxc4 27.
Rd2 cxb3 0-1

[Event "Tournoi Skype 019B"]
[Site "Skype"]
[Date "????.??.??"]
[Round "3.25"]
[White "Vervoort, Jean-Louis"]
[Black "Marty, Yvette"]
[Result "1-0"]
[WhiteElo "1155"]
[BlackElo "1000"]
[PlyCount "37"]

1. e4 e6 2. e5 Nc6 3. d4 d5 4. Nf3 Nge7 5. Bd3 Ng6 6. O-O Nh4 7. c3 f6 8. Re1
Be7 9. Nxh4 O-O 10. Qh5 g6 11. Nxg6 Rf7 12. Nh4 f5 13. Bh6 Bxh4 14. g3 f4 15.
gxh4 f3 16. Kh1 Ne7 17. Rg1+ Kh8 18. Qxf7 Ng8 19. Qg7# 1-0

[Event "Tournoi Skype 019B"]
[Site "Skype"]
[Date "????.??.??"]
[Round "3.26"]
[White "Mimouni, Driss"]
[Black "Farthouat, Catherine"]
[Result "0-1"]
[WhiteElo "1000"]
[BlackElo "1122"]
[PlyCount "114"]

1. e4 e5 2. Bc4 Nf6 3. Nf3 Nc6 4. Ng5 d6 5. Nxf7 Qe7 6. Nxh8 Bg4 7. Bf7+ Kd8 8.
f3 Bh5 9. Bc4 g6 10. Nf7+ Kc8 11. g4 Bxg4 12. fxg4 Nxg4 13. Qxg4+ Kb8 14. Nc3
Nd4 15. d3 Nxc2+ 16. Kd1 Nxa1 17. Bg5 Qe8 18. Be6 Bg7 19. Nd5 a6 20. Ne7 Ka7
21. Rf1 Qb5 22. Nc8+ Kb8 23. Bc4 Qxb2 24. Qf3 Qb1+ 25. Ke2 Qc2+ 26. Ke3 Qc3 27.
Kf2 Nc2 28. Qh3 Qd4+ 29. Be3 Qb2 30. Qd7 Nd4+ 31. Kg3 Qe2 32. Bxd4 Qxf1 33.
Ba7+ Rxa7 34. Nxa7 Kxa7 35. Qxc7 Qf4+ 36. Kg2 Qd2+ 37. Kg3 Qf4+ 38. Kg2 Qd2+
39. Kf3 Qf4+ 40. Ke2 Qxh2+ 41. Ke3 Bh6+ 42. Nxh6 Qxh6+ 43. Ke2 Qh2+ 44. Kd1
Qg1+ 45. Kc2 Qf2+ 46. Kc3 Qd4+ 47. Kb4 Qb6+ 48. Qxb6+ Kxb6 49. d4 exd4 50. a4
a5+ 51. Kb3 h5 52. Bb5 h4 53. Bd7 Kc5 54. Be6 d3 55. Bg4 Kd4 56. Bf3 h3 57. Bg4
h2 0-1

[Event "Tournoi Skype 019B"]
[Site "Skype"]
[Date "????.??.??"]
[Round "3.27"]
[White "Martin, Elise"]
[Black "Schnell, Nicolas"]
[Result "1-0"]
[WhiteElo "1070"]
[BlackElo "1000"]
[PlyCount "83"]

1. e4 e5 2. Nf3 d6 3. Nc3 g6 4. Bc4 Ne7 5. O-O Bh6 6. Nd5 Nec6 7. Bb5 a6 8. Bd3
Rg8 9. Nh4 g5 10. Qf3 Nd4 11. Nf6+ Qxf6 12. Qxf6 Bg7 13. Qxg5 h6 14. Qe3 Ne6
15. Bc4 Bf6 16. Qf3 Ng5 17. Qxf6 Rf8 18. Qxh6 Rg8 19. Bxf7+ Nxf7 20. Qh7 Be6
21. Qxg8+ Ke7 22. d3 d5 23. Bg5+ Nxg5 24. Qxg5+ Ke8 25. Rfe1 d4 26. Qh6 Bg4 27.
Qg6+ Ke7 28. Qxg4 Nd7 29. Nf5+ Ke6 30. Ng7+ Ke7 31. Nf5+ Kf7 32. Nh6+ Ke8 33.
Qg8+ Nf8 34. Qf7+ Kd8 35. Qxf8+ Kd7 36. Qxa8 c5 37. Qxb7+ Kd6 38. Nf7+ Ke6 39.
Ng5+ Kf6 40. Nh7+ Kg6 41. f4 exf4 42. Rf1 1-0

[Event "Tournoi Skype 019B"]
[Site "Skype"]
[Date "????.??.??"]
[Round "3.28"]
[White "Tekes, Gamze"]
[Black "Bacha, Mehdi"]
[Result "1-0"]
[WhiteElo "1000"]
[BlackElo "1066"]
[PlyCount "101"]

1. e4 e5 2. Nf3 Nf6 3. d3 b6 4. Nc3 c5 5. Be2 d6 6. O-O Be7 7. d4 cxd4 8. Na4
Nbd7 9. Ng5 Bb7 10. Bb5 h6 11. Nh3 O-O 12. Qf3 Bxe4 13. Qg3 Nh5 14. Qg4 Bg6 15.
Re1 Re8 16. Bc4 Ndf6 17. Bxf7+ Kxf7 18. Qh4 Rc8 19. b4 Rxc2 20. Ba3 d3 21. Nb2
d2 22. b5 dxe1=Q+ 23. Rxe1 Qc8 24. Nd3 Qc3 25. Qa4 Bxd3 26. g4 Nxg4 27. Qxg4
Qxa3 28. Qxh5+ Kg8 29. Qxe8+ Kh7 30. Qxe7 Rc1 31. Rxc1 Qxc1+ 32. Kg2 Be4+ 33.
Kg3 Qd2 34. Qxa7 Qd3+ 35. f3 Qxf3+ 36. Kh4 Qf6+ 37. Kh5 Bg6+ 38. Kg4 Be4 39.
Qxb6 Bf3+ 40. Kg3 Be2 41. a4 Qg6+ 42. Kf2 Qe4 43. a5 Qf3+ 44. Ke1 Qf1+ 45. Kd2
Qd1+ 46. Ke3 Qd3+ 47. Kf2 e4 48. Nf4 Qf3+ 49. Ke1 e3 50. Nxe2 Qxe2+ 51. Kxe2
1-0

[Event "Tournoi Skype 019B"]
[Site "Skype"]
[Date "????.??.??"]
[Round "4.2"]
[White "Dubois, Real"]
[Black "Malbec, Robert"]
[Result "0-1"]
[WhiteElo "1418"]
[BlackElo "1504"]
[PlyCount "124"]

1. d4 d5 2. Nf3 Nf6 3. e3 Bg4 4. Bd3 e6 5. h3 Bh5 6. Nbd2 Bd6 7. O-O Nc6 8. c3
e5 9. dxe5 Nxe5 10. Be2 O-O 11. Nxe5 Bxe2 12. Qxe2 Bxe5 13. Nf3 Bd6 14. Qc2 c6
15. Nd4 Bc7 16. Nf5 Qe8 17. f4 Ne4 18. Rf3 Qe6 19. Ng3 f5 20. Nxe4 dxe4 21. Rf2
Rf6 22. Qd1 Rd8 23. Qe2 b5 24. Bd2 a6 25. b3 c5 26. Rc1 c4 27. b4 Rd3 28. Rc2
Qd7 29. a3 Rfd6 30. Kh2 Qe6 31. Kh1 Qh6 32. Kh2 Qg6 33. Kh1 Bd8 34. g4 fxg4 35.
Qxg4 Qxg4 36. hxg4 Rh6+ 37. Kg2 Rh4 38. Kg3 Rd6 39. g5 Rh5 40. Rh2 Rxh2 41.
Kxh2 h6 42. Kg3 hxg5 43. Kg4 gxf4 44. Kxf4 Re6 45. Be1 g5+ 46. Kf5 Re8 47. Rg2
Kf7 48. Bd2 Bf6 49. Rf2 Re5+ 50. Kg4 Kg6 51. Rh2 Rd5 52. Rf2 Rd3 53. Kg3 Bxc3
54. Bxc3 Rxc3 55. Ra2 Rxe3+ 56. Kf2 Rd3 57. Ke2 g4 58. Kf2 Rh3 59. Kg1 c3 60.
Kg2 Rd3 61. Kf2 g3+ 62. Ke2 Rd2+ 0-1

[Event "Tournoi Skype 019B"]
[Site "Skype"]
[Date "????.??.??"]
[Round "4.3"]
[White "Salazar Ticeran, Antonio"]
[Black "Khatanhar, Mohit"]
[Result "1-0"]
[WhiteElo "1469"]
[BlackElo "1398"]
[PlyCount "63"]

1. e4 e5 2. Bc4 Nf6 3. Nc3 Be7 4. Nge2 d6 5. O-O O-O 6. f4 exf4 7. Nxf4 h6 8.
d4 Nh7 9. Nfd5 Kh8 10. Nxe7 Qxe7 11. Re1 f5 12. exf5 Qf6 13. Nd5 Qd8 14. g4 c6
15. Nf4 d5 16. Bd3 Rf7 17. Ng6+ Kg8 18. Qe2 Bd7 19. c4 Nf8 20. cxd5 cxd5 21.
Qg2 Bc6 22. Qh3 Nbd7 23. g5 Nxg6 24. fxg6 Rf8 25. gxh6 gxh6 26. Qxh6 Nf6 27.
Bg5 Qd7 28. Rf1 Ne4 29. Bxe4 Qg4+ 30. Bg2 Rxf1+ 31. Rxf1 Qxd4+ 32. Be3 1-0

[Event "Tournoi Skype 019B"]
[Site "Skype"]
[Date "????.??.??"]
[Round "4.4"]
[White "Hernandez, George"]
[Black "Coruble, Didier"]
[Result "1-0"]
[WhiteElo "1397"]
[BlackElo "1479"]
[PlyCount "73"]

1. e4 Nc6 2. Nf3 d6 3. Bc4 e6 4. Nc3 a6 5. d4 b5 6. Be2 Be7 7. Bf4 g5 8. Bg3 h5
9. h4 g4 10. Nd2 Bb7 11. f3 Nxd4 12. fxg4 Nxe2 13. Qxe2 Qd7 14. O-O-O O-O-O 15.
g5 f5 16. exf5 exf5 17. Nf3 Re8 18. Kb1 Bf6 19. Qd2 Bg7 20. Rhe1 Ne7 21. Nd4 b4
22. Nce2 Nd5 23. c4 bxc3 24. Nxc3 f4 25. Nxd5 Bxd5 26. Bxf4 Re4 27. Rxe4 Bxe4+
28. Ka1 Qg4 29. g3 Bd5 30. Rc1 c5 31. Qd3 Bxd4 32. Qxd4 Qe6 33. Qxh8+ Kc7 34.
Qxh5 Bxa2 35. Qh7+ Kc6 36. Qd3 c4 37. Qxd6+ 1-0

[Event "Tournoi Skype 019B"]
[Site "Skype"]
[Date "????.??.??"]
[Round "4.5"]
[White "Gerbaux, Regis"]
[Black "Diaz, Jose Garcia"]
[Result "1/2-1/2"]
[WhiteElo "1435"]
[BlackElo "1000"]
[PlyCount "57"]

1. e4 g6 2. d3 d6 3. f4 Bg7 4. Nf3 Bg4 5. Be2 Bxf3 6. Bxf3 Nc6 7. c3 e5 8. h4
Qe7 9. fxe5 Qxe5 10. Be3 Nge7 11. Qe2 Qa5 12. Nd2 Ne5 13. d4 Nxf3+ 14. Qxf3 f5
15. O-O O-O-O 16. Nc4 Qa6 17. b3 Rhf8 18. Bg5 Rde8 19. Bxe7 Rxe7 20. a4 fxe4
21. Qg4+ Kd8 22. h5 Ree8 23. Qg5+ Kc8 24. hxg6 d5 25. Qg4+ Kd8 26. Qg5+ Bf6 27.
Qxd5+ Kc8 28. gxh7 Qe6 29. Qxe6+ 1/2-1/2

[Event "Tournoi Skype 019B"]
[Site "Skype"]
[Date "????.??.??"]
[Round "4.6"]
[White "De Nobrega, George"]
[Black "Milanese, Serge"]
[Result "0-1"]
[WhiteElo "1494"]
[BlackElo "1314"]
[PlyCount "66"]

1. e4 e5 2. Nf3 Nc6 3. Bb5 Nf6 4. Nc3 a6 5. Bc4 Bc5 6. h3 h6 7. O-O O-O 8. a3
d6 9. d3 Nd4 10. Nxd4 Bxd4 11. Ne2 Bb6 12. Re1 Be6 13. Bxe6 fxe6 14. Ng3 Bxf2+
15. Kxf2 Nxe4+ 16. Kg1 Nxg3 17. Qg4 Nf5 18. Qc4 Rf6 19. Rf1 Qd7 20. Qe4 c6 21.
g4 Ng3 22. Qg2 Rxf1+ 23. Kh2 Raf8 24. Kxg3 R1f3+ 25. Kh4 Qe7+ 26. Kh5 g6+ 27.
Kxg6 Qg7+ 28. Kh5 R3f5+ 29. Kh4 Qf6+ 30. g5 hxg5+ 31. Bxg5 Rf4+ 32. Kh5 Qf7+
33. Kh6 Qh7# 0-1